000
00332nam a2200145Ia 4500
008
150201s1990 xx 000 0 und d
082
_a
616.01
_b
M1990G
100
_a
GURU
245
_a
MICROBIOLOGY
250
_a
1ST
260
_b
N.C.R.T. PUBLICATION
_a
DELHI
_c
1990
300
_a
1-158
650
_a
MICROBIOLOGY
942
_2
ddc
_c
BK
999
_c
4345
_d
4345